La administración del urbanismo / (Record no. 38981)

MARC details
000 -LEADER
campo de control de longitud fija 00786nam a2200241 i 4500
001 - NÚMERO DE CONTROL
campo de control 38981
003 - IDENTIFICADOR DE NÚMERO DE CONTROL
campo de control ES-MaACL
005 - FECHA Y HORA DE LA ÚLTIMA TRANSACCIÓN
campo de control 20230906155850.0
007 - CAMPO FIJO DE DESCRIPCIÓN FÍSICA--INFORMACIÓN GENERAL
campo de control de longitud fija t|
008 - DATOS DE LONGITUD FIJA--INFORMACIÓN GENERAL
campo de control de longitud fija 030226s1971 sp ||||1| spa d
080 ## - NÚMERO DE LA CLASIFICACIÓN DECIMAL UNIVERSAL
Número de la Clasificación Decimal Universal 711(45)
100 1# - ENTRADA PRINCIPAL--NOMBRE DE PERSONA
Nombre de persona Campos Venuti, Giuseppe.
9 (RLIN) 34287
245 13 - MENCIÓN DEL TÍTULO
Título La administración del urbanismo /
Mención de responsabilidad, etc. G. Campos Venuti ; [traducción de Jaime Soler Llusá y Manuel Torres Capell].
260 ## - PUBLICACIÓN, DISTRIBUCIÓN, ETC.
Lugar de publicación, distribución, etc. Barcelona :
Nombre del editor, distribuidor, etc. Gustavo Gili,
Fecha de publicación, distribución, etc. [1971]
300 ## - DESCRIPCIÓN FÍSICA
Extensión XII, 250 p., 8 planos ;
Dimensiones 24 cm.
490 1# - MENCIÓN DE SERIE
Mención de serie Ciencia urbanística ;
Designación de volumen o secuencia 5
650 #4 - PUNTO DE ACCESO ADICIONAL DE MATERIA--TÉRMINO DE MATERIA
Término de materia o nombre geográfico como elemento de entrada Urbanismo-
Subdivisión geográfica Italia.
9 (RLIN) 174540
700 1# - ENTRADA AGREGADA--NOMBRE PERSONAL
Nombre de persona Soler Llusá, J.
9 (RLIN) 107184
700 1# - ENTRADA AGREGADA--NOMBRE PERSONAL
Nombre de persona Torres Capell, Manuel.
9 (RLIN) 110936
830 1# - PUNTO DE ACCESO ADICIONAL DE SERIE-TÍTULO UNIFORME
Título uniforme Ciencia urbanística ;
Designación de volumen o secuencia 5
9 (RLIN) 181930
852 4# - LOCALIZACIÓN
Ubicación ES-MaACL
Número de control de estantería C-37650
Holdings
Estatus retirado Estado de pérdida Estado de daño No para préstamo Biblioteca de origen Biblioteca actual Ubicación en estantería Fecha de adquisición Fuente de adquisición Total de préstamos Signatura topográfica completa Código de barras Visto por última vez Precio de reemplazo Tipo de ítem Koha
        Biblioteca del Ateneo de Madrid Biblioteca del Ateneo de Madrid Depósito 2 17/01/2008     C-37650 1041050 23/02/2023 23/02/2023 Libro impreso